| 000 | 00878nam a22002417a 4500 | ||
|---|---|---|---|
| 999 |
_c16125 _d16125 |
||
| 003 | AR-CdUCM | ||
| 008 | 190502b ||||| |||| 00| 0 spa d | ||
| 040 |
_aMUNICIPALIDAD PROVINCIAL DEL CUSCO _cBIBLIOTECA MUNICIPAL DEL CUSCO |
||
| 082 |
_23ed. _a129.66 / _bO77 |
||
| 100 |
_aOrtega y Gasset, José _95772 |
||
| 245 | _aMisión de la universidad y otros ensayos afines / | ||
| 260 |
_aMadrid : _bRevista de Occidente, _c1960. |
||
| 300 |
_a172 paginas ; _c19 cm. |
||
| 505 | _aContenido :Misión de la universidad --Otros ensayos afines / | ||
| 650 |
_aReforma universitaria _91992 |
||
| 650 |
_aEducación superior _92963 |
||
| 650 |
_aUniversidades y escuelas superiores _931235 |
||
| 650 |
_aEducación y cultura _99103 |
||
| 650 |
_aEducación superior y ciencia _935410 |
||
| 710 |
_aRevista de Occidente _935411 |
||
| 942 |
_2ddc _cLIBROS |
||
| 945 |
_arjall _d2019-05-02 |
||